JO 2024 - Tous les Sports - Statistiques

Statistiques générales
  • Ce quiz a été pris 1 047 fois
  • Le résultat moyen est 29 sur 47
Statistiques - réponses
Sport % Correct
Football
96%
Athlétisme
94%
Natation
94%
Natation - Eau libre
94%
Natation synchronisée
94%
Basket-ball
92%
Basket-ball 3x3
92%
Judo
83%
Volley-ball
83%
Tennis
82%
Tennis de table
77%
Handball
76%
Rugby à 7
76%
Cyclisme sur piste
75%
Cyclisme sur route
75%
Cyclisme VTT
75%
Tir
73%
Escrime
72%
Gymnastique artistique
72%
Gymnastique rythmique
72%
Équitation - Complet
69%
Équitation - Dressage
69%
Saut d'obstacles
69%
Boxe
67%
Aviron
65%
Badminton
63%
Tir à l'arc
63%
Breakdance
62%
Triathlon
60%
Surf
58%
BMX
53%
BMX freestyle
53%
Skateboard
51%
Lutte
49%
Beach-volley
48%
Escalade
46%
Voile
46%
Plongeon
44%
Water-polo
44%
Taekwondo
43%
Golf
39%
Hockey sur gazon
37%
Haltérophilie
34%
Pentathlon moderne
32%
Trampoline
19%
Canoë-kayak slalom
7%
Canoë-kayak course en ligne
3%
Aucun quiz correspondant
Distribution des résultats
% des personnes avec chaque résultat
Percentile par nombre de réponses
Votre historique - résultats
Vous n’avez pas pris ce quiz